Watson's Textile Design and Colour (Record no. 3403)

MARC details
000 -LEADER
fixed length control field 00358nam a2200145Ia 4500
008 - FIXED-LENGTH DATA ELEMENTS--GENERAL INFORMATION
fixed length control field 191201s2004 xx 000 0 und d
082 ## - DEWEY DECIMAL CLASSIFICATION NUMBER
Classification number 658.0072
Item number GRW
100 ## - MAIN ENTRY--PERSONAL NAME
Personal name GROSICKI, Z J
245 #0 - TITLE STATEMENT
Title Watson's Textile Design and Colour
250 ## - EDITION STATEMENT
Edition statement 7th
260 ## - PUBLICATION, DISTRIBUTION, ETC. (IMPRINT)
Place of publication, distribution, etc N.Delhi
Name of publisher, distributor, etc Woodhead Publisher
Date of publication, distribution, etc 2004
300 ## - PHYSICAL DESCRIPTION
Extent 387
650 ## - SUBJECT ADDED ENTRY--TOPICAL TERM
Topical term or geographic name as entry element B.Tech(TE)
942 ## - ADDED ENTRY ELEMENTS (KOHA)
Source of classification or shelving scheme Dewey Decimal Classification
Koha item type Text Books
Holdings
Withdrawn status Lost status Source of classification or shelving scheme Damaged status Not for loan Collection code Home library Current library Date acquired Source of acquisition Cost, normal purchase price Bill Number Total Checkouts Acc. no. / Barcode Date last seen Bill Date Koha item type Full call number Checked out Date last borrowed
    Dewey Decimal Classification     B.Tech(TE) PIET C-LIBRARY PIET C-LIBRARY 17/01/2007 Abhishek Publications 795.00 7986   5314 04/12/2019 13/02/2006 Text Books      
    Dewey Decimal Classification     B.Tech(TE) PIET C-LIBRARY PIET C-LIBRARY 24/03/2008 Technical Book 895.00 TBS/3984 1 8720 26/10/2020 22/01/2008 Text Books 658.0072 GRW 09/11/2020 26/10/2020
    Dewey Decimal Classification     B.Tech(TE) PIET C-LIBRARY PIET C-LIBRARY 24/03/2008 Technical Book 895.00 TBS/3984   8721 04/12/2019 22/01/2008 Text Books 658.0072 GRW    
    Dewey Decimal Classification     B.Tech(TE) PIET C-LIBRARY PIET C-LIBRARY 24/03/2008 Technical Book 895.00 TBS/3984 1 8722 08/09/2022 22/01/2008 Text Books 658.0072 GRW   25/07/2022
    Dewey Decimal Classification     B.Tech(TE) PIET C-LIBRARY PIET C-LIBRARY 24/03/2008 Technical Book 895.00 TBS/3984   8723 04/12/2019 22/01/2008 Text Books 658.0072 GRW    
    Dewey Decimal Classification     B.Tech(TE) PIET C-LIBRARY PIET C-LIBRARY 24/03/2008 Technical Book 895.00 TBS/3984 1 8724 18/11/2023 22/01/2008 Text Books 658.0072 GRW 16/05/2024 18/11/2023

Design & Developed by: PIET Central Library
R70 Miles Stone Pattikalyana Samalkha Panipat 132102
mail ID :- [email protected], Phone No:- 0180-2569700 Ex.216